Responses for Show #6686 - Monday, October 14, 2013

Contestants

[<< previous game]

Chris Gaiman, a post-production coordinator originally from Slatington, Pennsylvania

Loren Gianini, a clinical psychology research fellow originally from West Hartford, Connecticut

Greg Buzzard, an organizing fellow originally from Warrensburg, Missouri (whose 1-day cash winnings total $24,000)

[next game >>]

Jeopardy! Round responses

CURRENT EVENTS
3-SYLLABLE WORDS
AGRICULTURE
FIRST NAME'S THE SAME
EX-WORLD LEADERS
THE USO
    $200 7
the Japanese earthquake (or tsunami)

Greg
    $200 9
(Chris: What is omnivorous?)

an omnivore

GregChris
    $200 23
(Chris: What is meat?)

milk

LorenChris
    $200 17
Ally

Loren
    $200 1
(Hugo) Chavez

Greg
    $200 6
(Stephen) Colbert

Greg
    $400 8
an orca

Loren
    $400 13
homophones

Chris
    $400 24
soybeans

Loren
    $400 18
Miles

Chris
    $400 2
Idi Amin

Chris
    $400 22
the (Dallas) Cowboys

Loren
    $600 10
Thor Heyerdahl

Chris
    $600 14
turbulence

Chris
    $600 25
alfalfa

Loren
    $600 19
Jackson

Loren
    $600 3
(Manuel) Noriega

Greg
    $600 28
[The end-of-round signal sounds.]

a humvee

Greg
    $500 11
a message in a bottle

Chris
    $800 15
fortitude

Loren
    $800 26
Timothy grass

Triple Stumper
    $800 20
Maria

Loren
    $800 4
(Loren: Who is the Shah?)

Ayatollah Khomeini

GregLoren
    $1000 12
Coriolis

Greg
    $1000 16
(Loren: What is endurance?)
(Greg: What is perseverance?)

stamina

GregLoren
Triple Stumper
    $1000 27
duck

Triple Stumper
    $1000 21
(Loren: What is Joe?)

Beau

LorenChris
    $1000 5
Helmut Kohl

Chris

Scores at the first commercial break (after clue 14):

Greg Loren Chris
$3,200 -$400 $3,300

Scores at the end of the Jeopardy! Round:

Greg Loren Chris
$2,800 $1,600 $4,500

Double Jeopardy! Round responses

LITERATURE
A JUDI DENCH FILM FESTIVAL
ZOOLOGY
STATE THE STATE UNIVERSITY
"BOY"s WILL BE BOYS
THE U.S. OWES
    $400 13
Amy

Chris
    $400 6
Shakespeare in Love

Chris
    $400 26
(Loren: What is the dodo bird?)

the elephant bird

Loren
Triple Stumper
    $400 12
Michigan State

Loren
    $400 1
the Boy Scouts

Loren
    $400 3
(Alexander) Hamilton

Greg
    $800 18
Fyodor Dostoevsky

Triple Stumper
    $800 7
M

Loren
    $800 27
a frog

Greg
    $800 15
(Loren: What is the University of Pennsylvania?)

Penn State

GregLoren
    $800 2
a choir boy

Greg
    $800 4
the 1860s

Greg
    $1200 19
Portrait of a Lady

Loren
    $1200 14
J. Edgar

Greg
    $1200 16
Oregon State

Greg
    $1200 8
the tallboy

Triple Stumper
    $1200 5
(Greg: What are treasury bonds?)

savings bonds

GregChris
    $1600 20
Walter Mitty

Chris
    $1600 21
Marilyn Monroe

Chris
    $1600 17
Ohio State

Loren
    $1600 9
a whipping boy

Greg
    $1,200 10
China

Greg
    $2000 23
(Loren: Who is Werner?)

Werther

Loren
Triple Stumper
    $2000 22
The Best Exotic Marigold Hotel

Chris
    $2000 28
[The end-of-round signal sounds.]

hemotoxins

Triple Stumper
    $2000 24
Kansas State

Greg
    $2000 25
boysenberry pies

Loren
    $2000 11
(Chris: What is TARP?)

the Stimulus

GregChris

Scores at the end of the Double Jeopardy! Round:

Greg Loren Chris
$14,400 $4,800 $9,700

[wagering suggestions for these scores]

Final Jeopardy! Round responses

BIG COUNTRIES
(Alex: [After reading Greg's response] Greg, as you know, we normally don't penalize you if you misspell a word; but in this particular case, you have changed the pronunciation of the country. So it is incorrect, and it will cost you $6,600; you'll finish in second place.)
LorenWhat is Ukraine?
$4,000
ChrisWhat is Kazakhstan?
$4,701
GregWhat is Kazkhistan?
$6,600
Kazakhstan

Final scores:

Greg Loren Chris
$7,800 $800 $14,401
2nd place: $2,000 3rd place: $1,000 New champion: $14,401

Game dynamics:

Coryat scores:

Greg Loren Chris
$14,800 $4,800 $10,000
19 R
(including 1 DD),
2 W
15 R,
6 W
14 R
(including 1 DD),
3 W

Combined Coryat: $29,600

[game clues] [game scores] [suggest correction]

Game tape date: 2013-09-10
The J! Archive is created by fans, for fans. Scraping, republication, monetization, and malicious use prohibited; this site may use cookies and collect identifying information. See terms. The Jeopardy! game show and all elements thereof, including but not limited to copyright and trademark thereto, are the property of Jeopardy Productions, Inc. and are protected under law. This website is not affiliated with, sponsored by, or operated by Jeopardy Productions, Inc. Join the discussion at JBoard.tv.